000 01197nam1a22002771i 4500
001 rc\4613497
005 20260405111411.0
035 _a(NLR Aleph) 008671452
090 _a9122620
_c9122620
100 _a20130416d1965 |||y0rusy50 ca
101 0 _arus
102 _aRU
105 _a z |||||
200 1 _aНа общественных началах
_eЛенинградцы в борьбе за технический прогресс
_e[Сборник статей]
210 _aЛенинград
_cЛениздат
_d1965
215 _d20
300 _aВ вып. дан. сост.: В.А. Бобков
606 _aТехнический прогресс в СССР
_2psbo
606 _aКоммунистические начала в общественной и экономической жизни
_2psbo
606 _aПартийные организации и их работа
_yЛенинград
_2psbo
702 1 _4220
_8rus
_7ca
_aБобков
_bВ. А.
_cд-р ист. наук
_f1939-
_gВладимир Андреевич
_3RU\NLR\AUTH\7742384
_925329
801 0 _aRU
_bNLR
_gpsbo
801 1 _aRU
_bELAR
_2rusmarc
852 _aNLR
_j64-3/298
942 _cBOOK